Vista normal
Vista MARC
Entrada Materia (corporativa)
Número de registros utilizados en: 10
001 - CONTROL NUMBER
- control field: 55793
003 - CONTROL NUMBER IDENTIFIER
- control field: Co-BoUCM
005 - DATE AND TIME OF LATEST TRANSACTION
- control field: 20140213090651.0
008 - FIXED-LENGTH DATA ELEMENTS
- fixed length control field: 140213|| aca||aabn | a|a d
040 ## - CATALOGING SOURCE
- Original cataloging agency: Co-BoUCM
- Transcribing agency: Co-BoUCM
110 ## - HEADING--CORPORATE NAME
- Corporate name or jurisdiction name as entry element: Bogotá (Colombia).
- Subordinate unit: Alcaldía Mayor
- Subordinate unit: Departamento Administrativo de Planeación Distrital
670 ## - SOURCE DATA FOUND
- Source citation: Work cat.: (Co-BoUCM)64112: Bogotá (Colombia). Alcaldía Mayor Departamento Administrativo de Planeación Distrital, Plan de Ordenamiento Territorial de Bogotá POT, 2003